000 00426nam a2200181Ia 4500
001 10712
005 20260306161852.0
008 260306t1973||||xx |||||||||||||| ||spa||
041 _aESP
082 _a946.082
_bT18
100 _aTamames, Ramón
_eAUT
245 0 _aLa República. La era de Franco
260 _c1973
300 _a623 páginas :
_c20 cm.
650 _aGEN
654 _aCHU
942 _cLIB
_dJUS
_fJUS
_2ddc
_n
999 _c10712
_d10712